000 00312nam a2200133Ia 4500
008 100328s9999 xx 000 0 und d
082 _b1818
100 _aAurobindo
245 _aThe Life Divine-I
260 _bArya Book Depot
630 _aThe Life Divine-I
730 _aThe Life Divine-I
942 _cBOOK
999 _c498065
_d498062